Greta Garbo Filmography - Statistics

General Stats
  • This quiz has been taken 16 times
    9 since last reset
  • The average score is 8 of 49
Answer Stats
Type Year Name % Correct
Film 1930 Anna Christie
100%
Film 1932 Grand Hotel
100%
Film 1939 Ninotchka
100%
Film 1936 Camille
80%
Film 1933 Queen Christina
80%
Film 1930 Romance
80%
Film 1935 Anna Karenina
60%
Film 1937 Conquest
60%
Film 1934 The Painted Veil
60%
Film 1931 Mata Hari
40%
Film 1926 Flesh and the Devil
20%
TV Documentary 1969 Garbo
20%
Documentary 2005 Garbo
20%
Film 1941 Two-Faced Woman
20%
Film 1974 Adam & Yves
0%
Film 1929 A Man's Man
0%
Film 1922 A Scarlet Angel
0%
Film 1932 As You Desire Me
0%
Film 1928 A Woman of Affairs
0%
Short TV Documentary 1955 Den gudomliga: Greta Garbo 50 år
0%
Film 1921 En Lyckoriddare
0%
Documentary 2024 Garbo: Where Did You Go?
0%
TV Documentary 2001 Greta Garbo: A Lone Star
0%
TV Documentary 1965 Greta Garbo: Die 'Göttliche' und das Menschliche
0%
TV Documentary 1985 Greta Garbo: The Temptress and the Clown
0%
TV Documentary 1973 Grosse Fische, kleine Fische
0%
Short Film 1920 How Not to Dress
0%
Film 1931 Inspiration
0%
Advertisement 1921 Konsum Stockholm Promo
0%
Documentary 2020 Leggende dietro la quinte: Greta Garbo
0%
Film 1927 Love
0%
Film 1922 Luffar-Peter
0%
Advertisement 1920 Mr. and Mrs. Stockholm Go Shopping
0%
Advertisement 1921 Our Daily Bread
0%
TV Mini-Series 1990 Star Life
0%
Documentary 1988 Stiller, Garbo & Me
0%
Film 1931 Susan Lenox (Her Fall and Rise)
0%
TV Documentary 1990 The Divine Garbo
0%
Film 1928 The Divine Woman
0%
Advertisement 1921 The Gay Cavalier
0%
Film 1925 The Joyless Street
0%
Film 1929 The Kiss
0%
Film 1928 The Mysterious Lady
0%
Film 1924 The Saga of Gösta Berling
0%
Film 1929 The Single Standard
0%
Film 1926 The Temptress
0%
Film 1926 Torrent
0%
Short Film 1928 Voices Across the Sea
0%
Film 1929 Wild Orchids
0%
No matching quizzes found
Score Distribution
Percent of People with Each Score
Percentile by Number Answered
Your Score History
You have not taken this quiz since the last reset